000 00417nam a22001697a 4500
005 20160625113125.0
008 160625b xxu||||| |||| 00| 0 eng d
020 _a81-229-0008-9
041 _aeng
082 _b10158
100 _aNeal, James M and Brown, Suzanne S
_92750
245 _aNews Writing and Reporting
260 _bSurjeet
_c2004
300 _a290
650 _aMass Communication
_92660
942 _cBK
999 _c3972
_d3971